000 00789nam a22002177a 4500
005 20120906115416.0
008 120906t xxu||||| |||| 00| 0 eng d
010 _aENG-105791
020 _a978818573360
_c495.00
035 _aEN-89324
037 _bDBAD/PUB
040 _aDPL
_bEnglish
082 _a659.1
100 _952052
_aWilliams, Mark
245 _aBusiness through correspondence and advertising /
_cby Mark Williams
260 _aChandigarh
_bWhite Leaf International
_c2011
270 _aS.C.O. 57-59, Sector-17C Basement
_bChandigarh
_e17
300 _a251p.
_c23cm(Hb)
942 _2ddc
_cEN
_h659.1
_mWIL
999 _c69748
_d69748